000 00734nam a2200133Ia 4500
008 220620s9999||||xx |||||||||||||| ||und||
100 _aLoleit, Simone
245 0 _aZeit- und Alterstopik im Minnesang
_bEine Untersuchung zu Liedern Walthers von der Vogelweide, Reinmars, Neidharts und Oswalds von Wolkenstein
546 _aEnglish[eng]
650 _aLiterature||Minnesang||Zeit- und Alterstopik||Antike Topik und Rhetorik||Topos und Metapher||Augustinische Zeittheorie
700 _aBein, Thomas
856 _uhttps://library.oapen.org/bitstream/20.500.12657/27532/1/1002475.pdf||https://library.oapen.org/bitstream/20.500.12657/27532/1/1002475.pdf||https://library.oapen.org/bitstream/20.500.12657/27532/1/1002475.pdf
942 _cEB
999 _c32525
_d32525